00281nam a2200109Ia 4500008004100000100002600041245003600067260002200103650002200125942000700147999001700154190216s9999||||xx |||||||||||||| ||und|| aRoy Dasguptha&Amp;Roy 0aPrinciples Of Political Science bMagmillan &co Ltd aPolitical Science cBK c34739d34739